| 000 | 00541nam a22001691a 4500 | ||
|---|---|---|---|
| 001 | 5801 | ||
| 003 | OSt | ||
| 005 | 20260204212029.0 | ||
| 008 | 060211s1996||||dr ||||||b||||||||||spa|| | ||
| 050 | _aRD 346.036 R299l | ||
| 110 | _aRepública Dominicana | ||
| 245 | _aLey No.5797 y Ley No.5869 sobre violación de propiedad privada o pública (INmoviliarias urbanas o rurales) | ||
| 264 | _aSanto Domingo : Congreso Nacional | ||
| 300 | _a14 p | ||
| 650 | _a1.Violación a la Propiedad Privada 2.Ley No.5797 3.Ley No.5869Ì | ||
| 942 |
_2ddc _cBK |
||
| 999 |
_c5801 _d5801 |
||